[Event "Greek Team Championship"]
[Site "chess24.com"]
[Date "2017.07.08"]
[Round "7"]
[White "Giannoulakis, Lampros"]
[Black "Maier, Christian"]
[Result "1/2-1/2"]
[Board "2"]
[WhiteElo "2330"]
[WhiteTitle "FM"]
[WhiteCountry "GRE"]
[WhiteFideId "4247019"]
[WhiteEloChange "2"]
[BlackElo "2388"]
[BlackTitle "IM"]
[BlackCountry "GER"]
[BlackFideId "4601955"]
[BlackEloChange "-2"]

1. d4 {[%clk 1:30:55]} d6 {[%clk 1:26:51]} 2. Nf3 {[%clk 1:30:25]} Bg4 {[%clk
1:26:44]} 3. g3 {[%clk 1:27:24]} Bxf3 {[%clk 1:24:49]} 4. exf3 {[%clk 1:27:49]}
d5 {[%clk 1:24:45]} 5. Be3 {[%clk 1:20:48]} e6 {[%clk 1:25:00]} 6. Bd3 {[%clk
1:19:57]} g6 {[%clk 1:23:57]} 7. Nd2 {[%clk 1:19:24]} Bg7 {[%clk 1:24:21]} 8. f4
{[%clk 1:15:49]} c5 {[%clk 1:16:13]} 9. Nf3 {[%clk 1:12:28]} Nc6 {[%clk 1:15:29]}
10. dxc5 {[%clk 1:10:44]} d4 {[%clk 1:09:35]} 11. Bd2 {[%clk 1:09:33]} Qd5 {[%clk
1:09:46]} 12. b4 {[%clk 1:04:37]} a5 {[%clk 1:06:58]} 13. bxa5 {[%clk 0:54:11]}
Nge7 {[%clk 1:06:02]} 14. Rb1 {[%clk 0:44:37]} Nxa5 {[%clk 1:05:09]} 15. Rb5
{[%clk 0:37:18]} Nac6 {[%clk 0:42:04]} 16. O-O {[%clk 0:36:44]} O-O {[%clk
0:42:21]} 17. Qe2 {[%clk 0:36:49]} Qxa2 {[%clk 0:38:12]} 18. Rxb7 {[%clk
0:35:30]} Rfb8 {[%clk 0:36:25]} 19. Rxb8+ {[%clk 0:32:27]} Rxb8 {[%clk 0:36:49]}
20. Ng5 {[%clk 0:28:18]} Qd5 {[%clk 0:29:16]} 21. Bc4 {[%clk 0:23:04]} d3 {[%clk
0:29:27]} 22. Qxd3 {[%clk 0:22:13]} Qxc5 {[%clk 0:29:38]} 23. Be3 {[%clk
0:20:20]} Qa5 {[%clk 0:29:54]} 24. Bd2 {[%clk 0:19:47]} Qc5 {[%clk 0:30:17]} 25.
Be3 {[%clk 0:20:14]} Qa5 {[%clk 0:30:42]} 26. Ne4 {[%clk 0:15:32]} Rd8 {[%clk
0:30:29]} 27. Qb3 {[%clk 0:15:04]} Nd4 {[%clk 0:28:03]} 28. Bxd4 {[%clk 0:12:33]}
Rxd4 {[%clk 0:28:01]} 29. Ng5 {[%clk 0:11:47]} h6 {[%clk 0:28:07]} 30. Nf3 {[%clk
0:11:29]} Rd8 {[%clk 0:27:24]} 31. Rb1 {[%clk 0:09:41]} Nf5 {[%clk 0:26:16]} 32.
Qb6 {[%clk 0:07:41]} Qa8 {[%clk 0:26:15]} 33. Qb7 {[%clk 0:06:50]} Qa5 {[%clk
0:25:32]} 34. Qb6 {[%clk 0:07:10]} Qa8 {[%clk 0:25:58]} 35. Qb7 {[%clk 0:07:29]}
Qa5 {[%clk 0:26:24]} 36. Qb6 {[%clk 0:05:30]} 1/2-1/2

[Event "Greek Team Championship"]
[Site "chess24.com"]
[Date "2017.07.08"]
[Round "7"]
[White "Skembris, Spyridon"]
[Black "Lagopatis, Nikolaos"]
[Result "1-0"]
[Board "3"]
[WhiteElo "2386"]
[WhiteTitle "GM"]
[WhiteCountry "GRE"]
[WhiteFideId "4200020"]
[WhiteEloChange "4"]
[BlackElo "2130"]
[BlackTitle "CM"]
[BlackCountry "GRE"]
[BlackFideId "4200489"]
[BlackEloChange "-4"]

1. c4 {[%clk 1:14:51]} e5 {[%clk 1:30:28]} 2. g3 {[%clk 1:15:14]} Nf6 {[%clk
1:30:13]} 3. Bg2 {[%clk 1:15:32]} c6 {[%clk 1:30:12]} 4. d4 {[%clk 1:15:46]} d6
{[%clk 1:29:17]} 5. Nc3 {[%clk 1:16:00]} Be7 {[%clk 1:29:07]} 6. e4 {[%clk
1:14:18]} O-O {[%clk 1:29:02]} 7. Nge2 {[%clk 1:14:43]} Nbd7 {[%clk 1:27:43]} 8.
O-O {[%clk 1:15:04]} a6 {[%clk 1:27:50]} 9. a4 {[%clk 1:10:13]} a5 {[%clk
1:27:14]} 10. h3 {[%clk 1:08:56]} Re8 {[%clk 1:26:11]} 11. Be3 {[%clk 1:05:54]}
exd4 {[%clk 1:23:03]} 12. Bxd4 {[%clk 1:02:02]} Bf8 {[%clk 1:16:52]} 13. f4
{[%clk 1:01:44]} g6 {[%clk 1:12:52]} 14. b3 {[%clk 1:01:38]} Bg7 {[%clk 1:12:04]}
15. Ra2 {[%clk 1:02:00]} Qc7 {[%clk 1:07:38]} 16. Rd2 {[%clk 1:01:56]} h5 {[%clk
0:53:52]} 17. Kh1 {[%clk 0:56:54]} Bf8 {[%clk 0:39:03]} 18. Qc2 {[%clk 0:48:45]}
Kh7 {[%clk 0:29:44]} 19. Ng1 {[%clk 0:44:40]} Bg7 {[%clk 0:26:49]} 20. Nf3 {[%clk
0:43:11]} Kg8 {[%clk 0:26:00]} 21. Rfd1 {[%clk 0:40:39]} Bf8 {[%clk 0:24:50]} 22.
Ng5 {[%clk 0:38:41]} Nh7 {[%clk 0:23:22]} 23. Nxh7 {[%clk 0:35:44]} Kxh7 {[%clk
0:23:44]} 24. Ne2 {[%clk 0:35:47]} Nc5 {[%clk 0:16:18]} 25. Ng1 {[%clk 0:25:09]}
Qe7 {[%clk 0:09:28]} 26. Nf3 {[%clk 0:23:43]} Kg8 {[%clk 0:08:05]} 27. Bxc5
{[%clk 0:20:38]} dxc5 {[%clk 0:08:31]} 28. Ne5 {[%clk 0:14:06]} Bg7 {[%clk
0:07:56]} 29. Nf3 {[%clk 0:08:47]} b6 {[%clk 0:05:31]} 30. Rd6 {[%clk 0:03:26]}
Ra7 {[%clk 0:04:49]} 31. Qd2 {[%clk 0:02:09]} Rc7 {[%clk 0:03:24]} 32. e5 {[%clk
0:02:23]} Bf5 {[%clk 0:01:28]} 33. Nh4 {[%clk 0:01:33]} Be6 {[%clk 0:01:29]} 34.
Bxc6 {[%clk 0:01:49]} Rxc6 {[%clk 0:01:21]} 35. Rxc6 {[%clk 0:02:17]} Qb7 {[%clk
0:01:44]} 36. Qg2 {[%clk 0:02:41]} Bxh3 {[%clk 0:01:52]} 37. Qd5 {[%clk 0:03:02]}
Bg4 {[%clk 0:01:58]} 38. Rd6 {[%clk 0:03:10]} Qxd5+ {[%clk 0:01:51]} 39. R1xd5
{[%clk 0:03:35]} g5 {[%clk 0:01:58]} 40. Rd8 {[%clk 0:33:50]} Rxd8 {[%clk
0:31:54]} 41. Rxd8+ {[%clk 0:34:13]} Kh7 {[%clk 0:32:01]} 42. Ng2 {[%clk
0:33:28]} h4 {[%clk 0:18:03]} 43. Kh2 {[%clk 0:33:03]} gxf4 {[%clk 0:16:42]} 44.
gxf4 {[%clk 0:31:44]} Bh6 {[%clk 0:16:27]} 45. Rd3 {[%clk 0:28:22]} h3 {[%clk
0:09:45]} 46. Rxh3 {[%clk 0:28:26]} Bxh3 {[%clk 0:10:05]} 47. Kxh3 {[%clk
0:28:49]} Kg6 {[%clk 0:09:22]} 48. Kg4 {[%clk 0:29:02]} f5+ {[%clk 0:09:25]} 49.
exf6 {[%clk 0:21:40]} Kxf6 {[%clk 0:08:24]} 50. Ne3 {[%clk 0:21:52]} Ke6 {[%clk
0:08:12]} 51. Nd5 {[%clk 0:22:02]} Bg7 {[%clk 0:08:00]} 52. Nxb6 {[%clk 0:22:17]}
Bb2 {[%clk 0:07:28]} 53. Nd5 {[%clk 0:22:33]} Bc1 {[%clk 0:06:52]} 54. Kg5 {[%clk
0:22:05]} Bd2 {[%clk 0:05:16]} 55. Kg6 {[%clk 0:22:14]} Bxf4 {[%clk 0:03:18]} 56.
Nxf4+ {[%clk 0:22:35]} Ke5 {[%clk 0:03:43]} 57. Kg5 {[%clk 0:22:07]} Kd4 {[%clk
0:03:22]} 58. Ne6+ {[%clk 0:22:22]} Kc3 {[%clk 0:03:45]} 59. Nxc5 {[%clk
0:22:42]} Kb4 {[%clk 0:04:03]} 60. Nd3+ {[%clk 0:19:41]} 1-0

[Event "Greek Team Championship"]
[Site "chess24.com"]
[Date "2017.07.08"]
[Round "7"]
[White "Hidzos, Georgios"]
[Black "Georgiev, Krum"]
[Result "1/2-1/2"]
[Board "4"]
[WhiteElo "1873"]
[WhiteCountry "GRE"]
[WhiteFideId "4201647"]
[WhiteEloChange "8"]
[BlackElo "2357"]
[BlackTitle "GM"]
[BlackCountry "BUL"]
[BlackFideId "2900092"]
[BlackEloChange "-8"]

1. e4 {[%clk 1:30:57]} c5 {[%clk 1:28:15]} 2. Nf3 {[%clk 1:31:17]} d6 {[%clk
1:28:10]} 3. d4 {[%clk 1:31:43]} cxd4 {[%clk 1:28:27]} 4. Nxd4 {[%clk 1:32:06]}
Nf6 {[%clk 1:28:47]} 5. Nc3 {[%clk 1:32:28]} a6 {[%clk 1:28:56]} 6. Bc4 {[%clk
1:32:47]} Nbd7 {[%clk 1:20:02]} 7. Bg5 {[%clk 1:29:02]} h6 {[%clk 1:14:56]} 8.
Bxf6 {[%clk 1:13:24]} Nxf6 {[%clk 1:15:02]} 9. Bb3 {[%clk 1:13:44]} e6 {[%clk
1:11:16]} 10. f4 {[%clk 1:09:06]} Qa5 {[%clk 0:45:27]} 11. Qf3 {[%clk 1:04:35]}
Bd7 {[%clk 0:26:02]} 12. O-O-O {[%clk 0:57:21]} O-O-O {[%clk 0:25:26]} 13. f5
{[%clk 0:55:14]} Qe5 {[%clk 0:23:01]} 14. Rhe1 {[%clk 0:49:36]} Re8 {[%clk
0:22:50]} 15. fxe6 {[%clk 0:38:07]} fxe6 {[%clk 0:23:04]} 16. Kb1 {[%clk
0:30:49]} g5 {[%clk 0:21:00]} 17. g3 {[%clk 0:29:24]} Bg7 {[%clk 0:18:21]} 18.
Qd3 {[%clk 0:28:56]} Qc5 {[%clk 0:13:50]} 19. Nf3 {[%clk 0:28:02]} Ng4 {[%clk
0:13:57]} 20. Qxd6 {[%clk 0:26:16]} Qxd6 {[%clk 0:14:18]} 21. Rxd6 {[%clk
0:26:39]} Rhf8 {[%clk 0:12:32]} 22. Nd2 {[%clk 0:25:27]} Kc7 {[%clk 0:09:32]} 23.
Rd3 {[%clk 0:22:24]} Nxh2 {[%clk 0:09:05]} 24. Nc4 {[%clk 0:22:01]} Nf3 {[%clk
0:09:04]} 25. Red1 {[%clk 0:20:32]} Re7 {[%clk 0:09:30]} 26. a4 {[%clk 0:19:01]}
Bc6 {[%clk 0:07:25]} 27. Nd5+ {[%clk 0:16:54]} exd5 {[%clk 0:06:17]} 28. exd5
{[%clk 0:15:00]} Bxd5 {[%clk 0:06:44]} 29. Rxd5 {[%clk 0:15:19]} Ne5 {[%clk
0:07:01]} 30. Nxe5 {[%clk 0:15:01]} Bxe5 {[%clk 0:06:11]} 1/2-1/2

[Event "Greek Team Championship"]
[Site "chess24.com"]
[Date "2017.07.08"]
[Round "7"]
[White "Iordanidou, Zoi"]
[Black "Ivanova, Simoneta"]
[Result "1-0"]
[Board "5"]
[WhiteElo "2069"]
[WhiteCountry "GRE"]
[WhiteFideId "4209192"]
[WhiteEloChange "13"]
[BlackElo "2158"]
[BlackTitle "WFM"]
[BlackCountry "BUL"]
[BlackFideId "2900548"]
[BlackEloChange "-13"]

1. e4 {[%clk 1:28:18]} d6 {[%clk 1:30:56]} 2. d4 {[%clk 1:28:33]} Nf6 {[%clk
1:31:15]} 3. Nc3 {[%clk 1:28:49]} Nbd7 {[%clk 1:31:38]} 4. Be3 {[%clk 1:25:16]}
e5 {[%clk 1:31:14]} 5. f3 {[%clk 1:20:37]} exd4 {[%clk 1:21:25]} 6. Qxd4 {[%clk
1:17:39]} a6 {[%clk 1:17:34]} 7. O-O-O {[%clk 1:10:46]} c5 {[%clk 1:09:09]} 8.
Qd2 {[%clk 1:11:01]} Be7 {[%clk 1:06:26]} 9. g4 {[%clk 1:06:35]} O-O {[%clk
0:59:44]} 10. g5 {[%clk 0:59:44]} Ne8 {[%clk 0:59:57]} 11. Nd5 {[%clk 0:52:17]}
b5 {[%clk 0:55:07]} 12. h4 {[%clk 0:34:21]} Nb6 {[%clk 0:52:57]} 13. Nxb6 {[%clk
0:18:39]} Qxb6 {[%clk 0:53:25]} 14. Ne2 {[%clk 0:19:01]} Be6 {[%clk 0:48:39]} 15.
Nc3 {[%clk 0:19:25]} Nc7 {[%clk 0:35:15]} 16. Nd5 {[%clk 0:18:34]} Nxd5 {[%clk
0:34:02]} 17. exd5 {[%clk 0:18:59]} Bf5 {[%clk 0:34:14]} 18. Bh3 {[%clk 0:16:56]}
Bxh3 {[%clk 0:31:49]} 19. Rxh3 {[%clk 0:17:21]} Qd8 {[%clk 0:25:42]} 20. Rg1
{[%clk 0:13:02]} Qd7 {[%clk 0:24:18]} 21. Rhg3 {[%clk 0:03:38]} Qf5 {[%clk
0:20:43]} 22. h5 {[%clk 0:03:51]} Rae8 {[%clk 0:18:12]} 23. Rh1 {[%clk 0:01:05]}
Bd8 {[%clk 0:15:47]} 24. f4 {[%clk 0:01:15]} Re4 {[%clk 0:14:34]} 25. Rd1 {[%clk
0:00:47]} Rfe8 {[%clk 0:14:15]} 26. Qf2 {[%clk 0:01:03]} a5 {[%clk 0:10:01]} 27.
Kb1 {[%clk 0:00:37]} Bb6 {[%clk 0:08:30]} 28. Qd2 {[%clk 0:00:46]} a4 {[%clk
0:08:09]} 29. a3 {[%clk 0:00:40]} Ra8 {[%clk 0:02:59]} 30. h6 {[%clk 0:00:35]}
Ba5 {[%clk 0:02:03]} 31. Qd3 {[%clk 0:00:41]} c4 {[%clk 0:01:41]} 32. Qf1 {[%clk
0:01:01]} g6 {[%clk 0:01:47]} 33. Bc1 {[%clk 0:00:34]} Rae8 {[%clk 0:01:55]} 34.
Qg1 {[%clk 0:00:54]} Qd7 {[%clk 0:00:42]} 35. Re3 {[%clk 0:00:36]} Bb6 {[%clk
0:00:47]} 36. Rxe4 {[%clk 0:01:00]} Bxg1 {[%clk 0:01:11]} 37. Rxe8+ {[%clk
0:01:28]} Qxe8 {[%clk 0:01:33]} 38. Rxg1 {[%clk 0:01:56]} Qe2 {[%clk 0:00:47]}
39. Rg3 {[%clk 0:01:54]} f5 {[%clk 0:00:42]} 40. Re3 {[%clk 0:31:51]} Qd1 {[%clk
0:31:01]} 41. Re8+ {[%clk 0:31:26]} Kf7 {[%clk 0:31:18]} 42. Rh8 {[%clk 0:31:28]}
Qxd5 {[%clk 0:16:52]} 43. Rxh7+ {[%clk 0:31:21]} Kg8 {[%clk 0:10:27]} 44. Rg7+
{[%clk 0:30:09]} Kh8 {[%clk 0:10:53]} 45. Rxg6 {[%clk 0:30:00]} Kh7 {[%clk
0:07:25]} 46. Rg7+ {[%clk 0:29:58]} Kh8 {[%clk 0:07:53]} 47. Re7 {[%clk 0:29:59]}
Qh1 {[%clk 0:06:29]} 48. g6 {[%clk 0:23:41]} Qa8 {[%clk 0:03:05]} 49. Bd2 {[%clk
0:23:28]} 1-0

[Event "Greek Team Championship"]
[Site "chess24.com"]
[Date "2017.07.08"]
[Round "7"]
[White "Mastrakouli, Evagelia"]
[Black "Kokkota, Eleni"]
[Result "1-0"]
[Board "6"]
[WhiteElo "1783"]
[WhiteCountry "GRE"]
[WhiteFideId "4229347"]
[WhiteEloChange "5"]
[BlackElo "1614"]
[BlackCountry "GRE"]
[BlackFideId "4258860"]
[BlackEloChange "-5"]

1. d4 {[%clk 1:30:51]} Nf6 {[%clk 1:28:56]} 2. c4 {[%clk 1:31:10]} e6 {[%clk
1:29:07]} 3. Nc3 {[%clk 1:31:30]} Bb4 {[%clk 1:29:23]} 4. e3 {[%clk 1:31:44]} O-O
{[%clk 1:29:32]} 5. Bd3 {[%clk 1:31:56]} c5 {[%clk 1:28:00]} 6. Nf3 {[%clk
1:31:46]} d5 {[%clk 1:27:20]} 7. O-O {[%clk 1:31:41]} cxd4 {[%clk 1:20:49]} 8.
exd4 {[%clk 1:31:35]} Bxc3 {[%clk 1:16:28]} 9. bxc3 {[%clk 1:31:29]} dxc4 {[%clk
1:16:51]} 10. Bxc4 {[%clk 1:31:53]} Qc7 {[%clk 1:17:15]} 11. Qe2 {[%clk 1:29:30]}
Nc6 {[%clk 1:08:12]} 12. Bg5 {[%clk 1:22:12]} Nd5 {[%clk 1:03:20]} 13. Rac1
{[%clk 1:20:39]} Qd6 {[%clk 0:53:10]} 14. Qe4 {[%clk 1:10:07]} Bd7 {[%clk
0:36:38]} 15. Bd3 {[%clk 1:01:22]} f5 {[%clk 0:29:17]} 16. Qh4 {[%clk 0:58:17]}
Rae8 {[%clk 0:21:26]} 17. c4 {[%clk 0:46:04]} Nde7 {[%clk 0:17:21]} 18. c5 {[%clk
0:29:43]} Qc7 {[%clk 0:17:02]} 19. Bf4 {[%clk 0:27:52]} Qa5 {[%clk 0:08:12]} 20.
Bd6 {[%clk 0:18:16]} Ng6 {[%clk 0:04:20]} 21. Qh5 {[%clk 0:15:49]} Rf6 {[%clk
0:04:11]} 22. Bc4 {[%clk 0:12:49]} Nce7 {[%clk 0:00:52]} 23. Rfe1 {[%clk
0:10:39]} Nc8 {[%clk 0:00:34]} 24. Be5 {[%clk 0:07:48]} Nxe5 {[%clk 0:00:36]} 25.
Nxe5 {[%clk 0:07:28]} Bb5 {[%clk 0:00:32]} 26. Bxb5 {[%clk 0:06:51]} Qxb5 {[%clk
0:00:56]} 27. Rb1 {[%clk 0:07:14]} Qa4 {[%clk 0:01:05]} 28. Rb4 {[%clk 0:05:29]}
g6 {[%clk 0:00:31]} 29. Qxh7+ {[%clk 0:05:05]} Kxh7 {[%clk 0:00:53]} 30. Rxa4
{[%clk 0:05:33]} Rd8 {[%clk 0:00:56]} 31. Rb1 {[%clk 0:03:55]} b6 {[%clk
0:00:32]} 32. cxb6 {[%clk 0:03:42]} axb6 {[%clk 0:00:57]} 33. Ra8 {[%clk
0:03:15]} Rff8 {[%clk 0:00:50]} 34. Nc6 {[%clk 0:03:13]} Rde8 {[%clk 0:00:36]}
35. Na7 {[%clk 0:02:20]} Kg7 {[%clk 0:00:32]} 36. Kf1 {[%clk 0:02:24]} Kf6 {[%clk
0:00:00]} 1-0

[Event "Greek Team Championship"]
[Site "chess24.com"]
[Date "2017.07.08"]
[Round "7"]
[White "Anthopoulou, Ioanna"]
[Black "Giannoulaki, Ermofili"]
[Result "1/2-1/2"]
[Board "7"]
[WhiteElo "1333"]
[WhiteCountry "GRE"]
[WhiteFideId "4248040"]
[WhiteEloChange "-3"]
[BlackElo "1220"]
[BlackCountry "GRE"]
[BlackFideId "25804278"]
[BlackEloChange "3"]

1. e4 {[%clk 1:27:22]} e5 {[%clk 1:30:37]} 2. Nf3 {[%clk 1:27:31]} d6 {[%clk
1:31:00]} 3. Nc3 {[%clk 1:23:26]} Nf6 {[%clk 1:31:06]} 4. d4 {[%clk 1:21:39]}
Nbd7 {[%clk 1:31:26]} 5. Be2 {[%clk 1:20:33]} Be7 {[%clk 1:31:44]} 6. O-O {[%clk
1:20:11]} O-O {[%clk 1:31:57]} 7. a4 {[%clk 1:16:18]} b6 {[%clk 1:30:07]} 8. b3
{[%clk 1:10:57]} c6 {[%clk 1:29:43]} 9. Bb2 {[%clk 1:09:38]} Qc7 {[%clk 1:29:53]}
10. Re1 {[%clk 1:08:01]} Rb8 {[%clk 1:29:10]} 11. Qd2 {[%clk 1:03:43]} a6 {[%clk
1:27:23]} 12. Bf1 {[%clk 0:46:49]} b5 {[%clk 1:27:07]} 13. axb5 {[%clk 0:39:11]}
axb5 {[%clk 1:27:26]} 14. h3 {[%clk 0:39:22]} h6 {[%clk 1:27:00]} 15. Qe3 {[%clk
0:38:49]} Rd8 {[%clk 1:23:39]} 16. Nh4 {[%clk 0:36:56]} Nh5 {[%clk 1:18:44]} 17.
Nf5 {[%clk 0:36:19]} Bg5 {[%clk 1:16:31]} 18. Qf3 {[%clk 0:36:04]} Nf4 {[%clk
1:12:51]} 19. Ne2 {[%clk 0:31:55]} Nf8 {[%clk 1:06:48]} 20. h4 {[%clk 0:28:06]}
Nxe2+ {[%clk 1:04:10]} 21. Bxe2 {[%clk 0:28:04]} Bf6 {[%clk 1:01:20]} 22. Qg3
{[%clk 0:27:19]} Bxf5 {[%clk 1:00:53]} 23. dxe5 {[%clk 0:25:23]} Bxh4 {[%clk
0:48:57]} 24. Qxh4 {[%clk 0:24:11]} Ng6 {[%clk 0:47:29]} 25. Qg3 {[%clk 0:22:30]}
Bxe4 {[%clk 0:46:08]} 26. exd6 {[%clk 0:22:18]} Qxd6 {[%clk 0:44:54]} 27. Qc3
{[%clk 0:21:59]} f6 {[%clk 0:35:49]} 28. Bh5 {[%clk 0:18:25]} Bf5 {[%clk
0:31:26]} 29. Ra7 {[%clk 0:14:21]} Re8 {[%clk 0:26:36]} 30. Rd1 {[%clk 0:11:39]}
Qe6 {[%clk 0:17:42]} 31. Rda1 {[%clk 0:08:25]} Qe4 {[%clk 0:08:40]} 1/2-1/2

[Event "Greek Team Championship"]
[Site "chess24.com"]
[Date "2017.07.08"]
[Round "7"]
[White "Karzias, Christos"]
[Black "Nikolaou, Spiridon"]
[Result "0-1"]
[Board "8"]
[WhiteElo "1718"]
[WhiteCountry "GRE"]
[WhiteFideId "4254902"]
[WhiteEloChange "-2"]
[BlackElo "2231"]
[BlackCountry "GRE"]
[BlackFideId "4264398"]
[BlackEloChange "2"]

1. d4 {[%clk 1:30:57]} Nf6 {[%clk 1:28:28]} 2. c4 {[%clk 1:29:55]} g6 {[%clk
1:28:54]} 3. Nc3 {[%clk 1:30:19]} Bg7 {[%clk 1:29:19]} 4. e4 {[%clk 1:28:35]} O-O
{[%clk 1:29:44]} 5. Be2 {[%clk 1:28:47]} d6 {[%clk 1:30:07]} 6. Be3 {[%clk
1:28:49]} a6 {[%clk 1:29:14]} 7. h3 {[%clk 1:27:07]} Nbd7 {[%clk 1:28:37]} 8. Nf3
{[%clk 1:26:45]} c5 {[%clk 1:28:45]} 9. d5 {[%clk 1:26:28]} b5 {[%clk 1:27:31]}
10. Qc2 {[%clk 1:21:02]} Rb8 {[%clk 1:20:55]} 11. O-O {[%clk 1:17:50]} Ne8 {[%clk
1:09:34]} 12. Rab1 {[%clk 1:01:11]} Qa5 {[%clk 0:52:30]} 13. Rfc1 {[%clk
0:51:38]} b4 {[%clk 0:47:31]} 14. Nd1 {[%clk 0:45:19]} Qc7 {[%clk 0:45:09]} 15.
b3 {[%clk 0:42:22]} Nb6 {[%clk 0:41:57]} 16. Qd2 {[%clk 0:38:27]} e5 {[%clk
0:36:55]} 17. dxe6 {[%clk 0:31:55]} fxe6 {[%clk 0:37:21]} 18. Bh6 {[%clk
0:31:25]} Bb7 {[%clk 0:32:59]} 19. Bxg7 {[%clk 0:31:08]} Qxg7 {[%clk 0:33:10]}
20. Ng5 {[%clk 0:30:35]} Qf6 {[%clk 0:31:02]} 21. Qe3 {[%clk 0:25:40]} Nd7 {[%clk
0:24:16]} 22. Bg4 {[%clk 0:24:30]} Ng7 {[%clk 0:24:29]} 23. Be2 {[%clk 0:22:08]}
Rbe8 {[%clk 0:12:11]} 24. Nf3 {[%clk 0:18:26]} e5 {[%clk 0:06:48]} 25. Nh2 {[%clk
0:17:18]} h5 {[%clk 0:07:03]} 26. Rb2 {[%clk 0:17:12]} Ne6 {[%clk 0:07:22]} 27.
Bf1 {[%clk 0:15:55]} Nd4 {[%clk 0:05:52]} 28. f3 {[%clk 0:15:19]} Re7 {[%clk
0:06:09]} 29. Rf2 {[%clk 0:15:21]} Rg7 {[%clk 0:04:41]} 30. Rb1 {[%clk 0:14:35]}
Qh4 {[%clk 0:05:00]} 31. Rbb2 {[%clk 0:14:06]} g5 {[%clk 0:03:37]} 32. Rbd2
{[%clk 0:12:09]} Rf6 {[%clk 0:03:56]} 33. Qd3 {[%clk 0:11:58]} Nf8 {[%clk
0:03:25]} 34. Ne3 {[%clk 0:11:54]} Nfe6 {[%clk 0:02:16]} 35. Nd5 {[%clk 0:10:40]}
Rfg6 {[%clk 0:01:07]} 36. Kh1 {[%clk 0:07:57]} Nf4 {[%clk 0:00:51]} 37. Qe3
{[%clk 0:07:39]} Qg3 {[%clk 0:01:11]} 38. Bd3 {[%clk 0:07:39]} Bxd5 {[%clk
0:00:54]} 39. exd5 {[%clk 0:07:36]} Nxd3 {[%clk 0:01:00]} 40. Qxd3 {[%clk
0:37:40]} Rf6 {[%clk 0:30:40]} 41. Nf1 {[%clk 0:34:45]} Qh4 {[%clk 0:30:34]} 42.
g3 {[%clk 0:25:23]} Qxh3+ {[%clk 0:30:39]} 43. Rh2 {[%clk 0:25:37]} Qd7 {[%clk
0:26:46]} 44. Rdf2 {[%clk 0:25:20]} Qf7 {[%clk 0:27:06]} 45. Nd2 {[%clk 0:24:59]}
g4 {[%clk 0:15:23]} 46. f4 {[%clk 0:19:56]} Rxf4 {[%clk 0:12:05]} 47. Ne4 {[%clk
0:15:18]} Rf3 {[%clk 0:12:13]} 48. Qd2 {[%clk 0:14:41]} Qg6 {[%clk 0:12:12]} 49.
Qe1 {[%clk 0:14:08]} Rgf7 {[%clk 0:12:30]} 50. Nd2 {[%clk 0:14:04]} Rxf2 {[%clk
0:11:56]} 51. Rxf2 {[%clk 0:14:27]} Nf3 {[%clk 0:11:16]} 52. Qe4 {[%clk 0:14:39]}
Qf6 {[%clk 0:11:00]} 53. Nf1 {[%clk 0:14:11]} Nd2 {[%clk 0:08:49]} 54. Nxd2
{[%clk 0:08:45]} Qxf2 {[%clk 0:09:14]} 55. Qg6+ {[%clk 0:09:10]} Rg7 {[%clk
0:06:39]} 56. Qe8+ {[%clk 0:08:03]} Qf8 {[%clk 0:06:46]} 57. Qe6+ {[%clk
0:08:10]} Kh7 {[%clk 0:07:00]} 58. Kg2 {[%clk 0:08:02]} Rg6 {[%clk 0:06:57]} 59.
Qd7+ {[%clk 0:08:17]} Qg7 {[%clk 0:07:23]} 60. Qf5 {[%clk 0:08:41]} Qf6 {[%clk
0:06:22]} 61. Qd7+ {[%clk 0:07:19]} Rg7 {[%clk 0:06:33]} 62. Qe8 {[%clk 0:07:18]}
Rf7 {[%clk 0:06:15]} 63. Ne4 {[%clk 0:06:04]} Qf1+ {[%clk 0:06:35]} 0-1